| 000 | 00635 a2200181 4500 | ||
|---|---|---|---|
| 020 | _a0471973939 | ||
| 020 | _a9780471973935 | ||
| 082 | _a536.7 | ||
| 090 |
_c1634 _d1634 |
||
| 100 | 1 | _aKondepudi, Dilip. | |
| 245 | 1 | 0 |
_aModern thermodynamics : _bfrom heat engines to dissipative structures / _cDilip Kondepudi, I. Prigogine. |
| 250 | _a1st ed. | ||
| 260 |
_a[S.l.] : _bJohn Wiley & Sons, _c1998. |
||
| 300 |
_a508 p. ; _c25 cm. |
||
| 700 | 1 | _aPrigogine, I. | |
| 942 |
_aSNS _cBK _k536.7 KON |
||
| 999 |
_c64602 _d64602 |
||